header

Fairy tales, fables, legends, and myths : (Record no. 265728)

MARC details
000 -LEADER
fixed length control field 01425pam a2200385 a 4500
001 - CONTROL NUMBER
control field 1086229
003 - CONTROL NUMBER IDENTIFIER
control field OSt
005 - DATE AND TIME OF LATEST TRANSACTION
control field 20260121115443.0
008 - FIXED-LENGTH DATA ELEMENTS--GENERAL INFORMATION
fixed length control field 920128s1992 nyua b 001 0 eng
010 ## - LIBRARY OF CONGRESS CONTROL NUMBER
LC control number 92003915
020 ## - INTERNATIONAL STANDARD BOOK NUMBER
International Standard Book Number 080773134X
035 ## - SYSTEM CONTROL NUMBER
System control number 1086229
040 ## - CATALOGING SOURCE
Original cataloging agency DLC
Transcribing agency DLC
Modifying agency DLC
043 ## - GEOGRAPHIC AREA CODE
Geographic area code n-us---
050 00 - LIBRARY OF CONGRESS CALL NUMBER
Classification number LB1583.8
Item number .B67 1992
082 00 - DEWEY DECIMAL CLASSIFICATION NUMBER
Classification number 372.6/4
Edition number 20
100 1# - MAIN ENTRY--PERSONAL NAME
Personal name Bosma, Bette,
Dates associated with a name 1927-
245 10 - TITLE STATEMENT
Title Fairy tales, fables, legends, and myths :
Remainder of title using folk literature in your classroom /
Statement of responsibility, etc Bette Bosma.
250 ## - EDITION STATEMENT
Edition statement 2nd ed.
260 ## - PUBLICATION, DISTRIBUTION, ETC. (IMPRINT)
Place of publication, distribution, etc New York :
Name of publisher, distributor, etc Teachers College Press,
Date of publication, distribution, etc c1992.
300 ## - PHYSICAL DESCRIPTION
Extent ix, 190 p. :
Other physical details ill. ;
Dimensions 22 cm.
336 ## - CONTENT TYPE
Content type term text
Content type code txt
Source rdacontent
337 ## - MEDIA TYPE
Media type term unmediated
Media type code n
Source rdamedia
338 ## - CARRIER TYPE
Carrier type term volume
Carrier type code nc
Source rdacarrier
504 ## - BIBLIOGRAPHY, ETC. NOTE
Bibliography, etc Includes bibliographical references (p. 179-182) and index.
650 #0 - SUBJECT ADDED ENTRY--TOPICAL TERM
Topical term or geographic name as entry element Folklore and education
Geographic subdivision United States.
Topical term or geographic name as entry element Folk literature
General subdivision Study and teaching (Elementary)
Geographic subdivision United States.
Topical term or geographic name as entry element Reading (Elementary)
Geographic subdivision United States.
Topical term or geographic name as entry element English language
Geographic subdivision United States
General subdivision Composition and exercises.
Topical term or geographic name as entry element Activity programs in education
Geographic subdivision United States.
906 ## - LOCAL DATA ELEMENT F, LDF (RLIN)
a 7
b cbc
c orignew
d 1
e ocip
f 19
g y-gencatlg
942 ## - ADDED ENTRY ELEMENTS (KOHA)
Source of classification or shelving scheme Library of Congress Classification
Koha item type Long Loan Books
Holdings
Withdrawn status Lost status Source of classification or shelving scheme Damaged status Not for loan Collection code Home library Current library Shelving location Date acquired Source of acquisition Total Checkouts Full call number Barcode Date last seen Price effective from Koha item type
    Library of Congress Classification     Non-fiction Rongo University Library Rongo University Library General Stacks 21/01/2026 Books for Africa, Donation   LB1583.8 .B67 1992 20261087 21/01/2026 21/01/2026 Long Loan Books

© 2026 Rongo University
Contact us: librarian | system librarian | Rongo university